[Event "DRUGA LIGA SRBIJE-GRUPA VOJVODINA 2016"]
[Site "Kac"]
[Date "2016.11.17"]
[Round "3.1"]
[White "Czebe, Attila"]
[Black "Csonka, Balazs"]
[Result "1/2-1/2"]
[WhiteElo "2482"]
[BlackElo "2398"]
[PlyCount "49"]
[EventDate "2016.11.15"]

1. Nf3 d5 2. g3 g6 3. Bg2 Bg7 4. O-O e5 5. d4 e4 6. Ne1 Ne7 7. c4 dxc4 8. Bxe4
Qxd4 9. Qxd4 Bxd4 10. Nc2 Bg7 11. Nca3 a6 12. Nxc4 Nbc6 13. Bg5 Be6 14. Nbd2 f6
15. Be3 O-O-O 16. Rac1 Nd5 17. Bc5 f5 18. Bg2 b5 19. Ne3 Bxb2 20. Rc2 Bd4 21.
Rfc1 Bxe3 22. Bxe3 Ncb4 23. Rc5 Nxe3 24. Rxc7+ Kb8 25. Rb7+ 1/2-1/2

[Event "DRUGA LIGA SRBIJE-GRUPA VOJVODINA 2016"]
[Site "Kac"]
[Date "2016.11.17"]
[Round "3.1"]
[White "Kopasz, Robert"]
[Black "Bulajic, Ratko"]
[Result "1/2-1/2"]
[WhiteElo "2260"]
[BlackElo "2331"]
[PlyCount "48"]
[EventDate "2016.11.15"]

1. e4 c5 2. Nf3 d6 3. d4 cxd4 4. Nxd4 Nf6 5. Nc3 a6 6. Be3 e5 7. Nb3 Be6 8. f3
Nbd7 9. g4 h6 10. Qd2 Be7 11. O-O-O b5 12. Kb1 b4 13. Nd5 Bxd5 14. exd5 Nb6 15.
Bxb6 Qxb6 16. h4 a5 17. Bc4 a4 18. Nc1 O-O 19. g5 Nh5 20. Ne2 g6 21. f4 Qc5 22.
b3 exf4 23. Nxf4 Nxf4 24. Qxf4 h5 1/2-1/2

[Event "DRUGA LIGA SRBIJE-GRUPA VOJVODINA 2016"]
[Site "Kac"]
[Date "2016.11.17"]
[Round "3.1"]
[White "Tancik, Kristijan"]
[Black "Simonyi, Zoltan"]
[Result "1/2-1/2"]
[WhiteElo "2289"]
[BlackElo "2202"]
[PlyCount "26"]
[EventDate "2016.11.15"]

1. d4 e6 2. c4 Nf6 3. Nf3 b6 4. g3 Bb7 5. Bg2 Be7 6. O-O O-O 7. Re1 Re8 8. Nc3
Ne4 9. Qc2 Nxc3 10. Ng5 Nxe2+ 11. Rxe2 Bxg5 12. Bxb7 Nc6 13. Qe4 Rb8 1/2-1/2

[Event "DRUGA LIGA SRBIJE-GRUPA VOJVODINA 2016"]
[Site "Kac"]
[Date "2016.11.17"]
[Round "3.1"]
[White "Kecskemeti, Arpad"]
[Black "Tokovic, Svetozar"]
[Result "1-0"]
[WhiteElo "2216"]
[BlackElo "2258"]
[PlyCount "47"]
[EventDate "2016.11.15"]

1. e4 c5 2. Nf3 e6 3. d4 cxd4 4. Nxd4 Nf6 5. Nc3 Nc6 6. Ndb5 d6 7. Bf4 e5 8.
Bg5 a6 9. Na3 Be7 10. Bxf6 gxf6 11. Nd5 Be6 12. Nc4 f5 13. exf5 Bxf5 14. Nxe7
Kxe7 15. Ne3 Be6 16. Bd3 Nb4 17. Bf5 Qa5 18. O-O Nd5 19. Qh5 Rag8 20. Rad1 h6
21. Qf3 Nf4 22. Qxb7+ Kf6 23. Bxe6 Kxe6 24. Rxd6+ 1-0

[Event "DRUGA LIGA SRBIJE-GRUPA VOJVODINA 2016"]
[Site "Kac"]
[Date "2016.11.17"]
[Round "3.1"]
[White "Strangar, Zlatko"]
[Black "Nagy, Attila N"]
[Result "1-0"]
[WhiteElo "2223"]
[BlackElo "2185"]
[PlyCount "57"]
[EventDate "2016.11.15"]

1. e4 c5 2. Nf3 d6 3. d4 cxd4 4. Nxd4 Nf6 5. Nc3 a6 6. Bc4 e6 7. Bb3 Nc6 8. O-O
Be7 9. f4 O-O 10. Kh1 Nxd4 11. Qxd4 b5 12. f5 exf5 13. exf5 Bb7 14. a4 Qd7 15.
Bg5 Rac8 16. axb5 axb5 17. Rad1 Rfd8 18. Rfe1 Ba8 19. Re2 Qxf5 20. Qh4 Rd7 21.
Rde1 h6 22. Qf4 Qxg5 23. Qxg5 hxg5 24. Rxe7 Rxe7 25. Rxe7 b4 26. Nb5 Nd5 27.
Ra7 Re8 28. Kg1 Nf4 29. Bxf7+ 1-0

[Event "DRUGA LIGA SRBIJE-GRUPA VOJVODINA 2016"]
[Site "Kac"]
[Date "2016.11.17"]
[Round "3.1"]
[White "Vranic, Ljubomir"]
[Black "Ivanovic, Miroslav"]
[Result "1-0"]
[WhiteElo "2168"]
[BlackElo "2067"]
[PlyCount "125"]
[EventDate "2016.11.15"]

1. d4 Nf6 2. c4 e6 3. Nf3 b6 4. g3 Bb7 5. Bg2 Be7 6. O-O O-O 7. Nc3 Na6 8. a3
c5 9. d5 exd5 10. Nh4 Nc7 11. Nf5 h6 12. Bf4 d6 13. Qd2 Ne6 14. Nxd5 Bxd5 15.
Bxd5 Nxd5 16. Qxd5 Nxf4 17. gxf4 Re8 18. Kh1 Bf8 19. e3 Qf6 20. Rab1 Rad8 21.
Ng3 a6 22. Rg1 b5 23. b3 Rb8 24. Nh5 Qe6 25. Qxe6 Rxe6 26. f5 Re7 27. f6 Re5
28. Nf4 Rg5 29. fxg7 Bxg7 30. Rgd1 Rf5 31. Kg2 Kf8 32. Nd5 Rg5+ 33. Kh1 Re5 34.
f3 f5 35. Kg2 f4 36. e4 Rg5+ 37. Kh1 Be5 38. a4 Kf7 39. axb5 axb5 40. Nc7 bxc4
41. bxc4 Rb4 42. Nb5 Ke7 43. Rxb4 cxb4 44. Rb1 Bc3 45. Nxc3 bxc3 46. Rc1 Rc5
47. Rxc3 Ke6 48. Rc1 Ke5 49. Kg2 Kd4 50. Rd1+ Ke3 51. Re1+ Kd2 52. Kf2 Rxc4 53.
Ra1 Kd3 54. Rd1+ Kc2 55. Rxd6 Kc1 56. Kg2 h5 57. Rf6 Kd2 58. Rxf4 Ke3 59. Rf5
h4 60. Kh3 Rc2 61. Kxh4 Rxh2+ 62. Kg5 Re2 63. Kf6 1-0

[Event "DRUGA LIGA SRBIJE-GRUPA VOJVODINA 2016"]
[Site "Kac"]
[Date "2016.11.17"]
[Round "3.2"]
[White "Somborski, Nebojsa"]
[Black "Sekulic, Dusan"]
[Result "1-0"]
[WhiteElo "2327"]
[BlackElo "2218"]
[PlyCount "79"]
[EventDate "2016.11.15"]

1. e4 e5 2. Nf3 Nc6 3. Bb5 f5 4. Nc3 fxe4 5. Nxe4 d5 6. Nxe5 dxe4 7. Nxc6 Qg5
8. Qe2 Nf6 9. f4 Qxf4 10. Ne5+ c6 11. d4 Qh4+ 12. g3 Qh3 13. Bc4 Be6 14. Bf4
Be7 15. O-O-O O-O 16. Bg5 Rae8 17. Kb1 Bd6 18. Rdf1 Nd5 19. Rxf8+ Bxf8 20. Bb3
h6 21. Bc1 Nf6 22. Re1 Bd6 23. Nc4 Be7 24. Ne3 Nd5 25. Nxd5 Bxd5 26. c4 Bf7 27.
Be3 Bh5 28. Qd2 Qf5 29. Rc1 c5 30. d5 b6 31. Ba4 Rd8 32. Re1 Bd6 33. Bc2 g5 34.
Qf2 Qe5 35. Bd2 Bf3 36. Bc3 Qf5 37. b3 Re8 38. Qe3 Be5 39. Bxe4 Bxc3 40. Bxf5
1-0

[Event "DRUGA LIGA SRBIJE-GRUPA VOJVODINA 2016"]
[Site "Kac"]
[Date "2016.11.17"]
[Round "3.2"]
[White "Mastrapovic, Vladimir"]
[Black "Strbac, Mladen"]
[Result "1/2-1/2"]
[WhiteElo "2289"]
[BlackElo "2318"]
[PlyCount "38"]
[EventDate "2016.11.15"]

1. e4 e6 2. d4 d5 3. Nc3 Bb4 4. e5 c5 5. a3 Bxc3+ 6. bxc3 Ne7 7. Qg4 Qc7 8.
Qxg7 Rg8 9. Qxh7 cxd4 10. Ne2 Nbc6 11. f4 Bd7 12. Qd3 dxc3 13. Nxc3 Qa5 14. Qd2
a6 15. Rb1 Nf5 16. Ne2 Qc5 17. Qc3 Qa7 18. Ng3 Nxg3 19. hxg3 Rc8 1/2-1/2

[Event "DRUGA LIGA SRBIJE-GRUPA VOJVODINA 2016"]
[Site "Kac"]
[Date "2016.11.17"]
[Round "3.2"]
[White "Todorovic, Nenad I"]
[Black "Azaric, Slavko"]
[Result "1/2-1/2"]
[WhiteElo "2249"]
[BlackElo "2283"]
[PlyCount "42"]
[EventDate "2016.11.15"]

1. e4 e5 2. Nf3 Nc6 3. Bb5 a6 4. Ba4 Nf6 5. d4 exd4 6. O-O Be7 7. e5 Ne4 8. b4
O-O 9. Qd3 b5 10. Qxe4 bxa4 11. Nxd4 Nxd4 12. Qxd4 Rb8 13. a3 d6 14. Bf4 c5 15.
bxc5 dxe5 16. Bxe5 Qxd4 17. Bxd4 Bf5 18. Nc3 Rfd8 19. Rfe1 Bf8 20. Be3 Bxc2 21.
Rac1 Bb3 1/2-1/2

[Event "DRUGA LIGA SRBIJE-GRUPA VOJVODINA 2016"]
[Site "Kac"]
[Date "2016.11.17"]
[Round "3.2"]
[White "Zegarac, Vuk"]
[Black "Perisic, Radivoj"]
[Result "0-1"]
[WhiteElo "2233"]
[BlackElo "2276"]
[PlyCount "94"]
[EventDate "2016.11.15"]

1. d4 Nf6 2. Nc3 d5 3. Bg5 h6 4. Bh4 Bf5 5. e3 e6 6. Bd3 c6 7. Bxf5 exf5 8. Qf3
g6 9. h3 Be7 10. Nge2 Ne4 11. Bxe7 Qxe7 12. O-O-O Nd7 13. g4 fxg4 14. hxg4 Qf6
15. Qxf6 Ndxf6 16. Nxe4 Nxe4 17. Rh2 Kf8 18. Rdh1 Kg7 19. Nf4 Rae8 20. Nd3 Nf6
21. Ne5 Rxe5 22. dxe5 Nxg4 23. Rg2 Nxe5 24. b3 Nf3 25. Rg3 Ng5 26. f3 Kf6 27.
Kd2 h5 28. Ke2 Ne6 29. Kf2 Re8 30. Re1 a5 31. c4 a4 32. cxd5 cxd5 33. Rd1 axb3
34. axb3 Rc8 35. Rxd5 Rc2+ 36. Kf1 Rc3 37. Rb5 Rxe3 38. Rxb7 Nd4 39. b4 Rb3 40.
Kf2 g5 41. Rb6+ Kf5 42. Rh3 h4 43. b5 f6 44. Rb8 Kf4 45. b6 Rb2+ 46. Kf1 Nxf3
47. b7 Kg4 0-1

[Event "DRUGA LIGA SRBIJE-GRUPA VOJVODINA 2016"]
[Site "Kac"]
[Date "2016.11.17"]
[Round "3.2"]
[White "Vulin, Milorad"]
[Black "Vujasinovic, Mihajlo"]
[Result "1-0"]
[WhiteElo "2044"]
[BlackElo "2133"]
[PlyCount "55"]
[EventDate "2016.11.15"]

1. e4 c5 2. Nf3 d6 3. d4 cxd4 4. Nxd4 Nf6 5. Nc3 a6 6. Bg5 e6 7. Qd2 h6 8. Be3
Qc7 9. Be2 Nbd7 10. O-O-O Be7 11. Kb1 b5 12. Bd3 Bb7 13. f3 Ne5 14. g4 Nc4 15.
Bxc4 Qxc4 16. h4 Nd7 17. g5 hxg5 18. hxg5 Rxh1 19. Rxh1 g6 20. a3 Rc8 21. Nb3
Qc7 22. Rh8+ Bf8 23. f4 Nc5 24. Nxc5 dxc5 25. f5 Rd8 26. Qf2 Qe5 27. fxg6 Rd7
28. Rg8 1-0

[Event "DRUGA LIGA SRBIJE-GRUPA VOJVODINA 2016"]
[Site "Kac"]
[Date "2016.11.17"]
[Round "3.2"]
[White "Stankovic, Milos M"]
[Black "Brajic, Djordje"]
[Result "0-1"]
[WhiteElo "1816"]
[BlackElo "2243"]
[PlyCount "100"]
[EventDate "2016.11.15"]

1. d4 Nf6 2. c4 e6 3. Nf3 d5 4. g3 c6 5. Bg2 Bd6 6. O-O Nbd7 7. Qc2 O-O 8. Nbd2
Re8 9. b3 e5 10. cxd5 cxd5 11. dxe5 Nxe5 12. Bb2 Nc6 13. e3 Bg4 14. Nd4 Nb4 15.
Qb1 Bh5 16. Bh3 Ne4 17. N2f3 Be5 18. Nxe5 Rxe5 19. a3 Bg6 20. Qd1 Nd3 21. Nc6
Nxb2 22. Nxd8 Nxd1 23. Raxd1 Rxd8 24. f4 Rh5 25. Bg4 Rh6 26. f5 Bh5 27. Bxh5
Rxh5 28. Rf4 Nc3 29. Rd2 Re8 30. Rf3 Rh6 31. e4 d4 32. e5 Rc6 33. Kf1 Rxe5 34.
Rxd4 Rd5 35. Re3 h6 36. Rxd5 Nxd5 37. Re5 Nf6 38. Re7 Rb6 39. b4 Kf8 40. Rc7
Nd5 41. Rc5 Rd6 42. h3 Ke7 43. Kf2 Kf6 44. g4 g5 45. Rc8 Nf4 46. Rh8 Nxh3+ 47.
Kg3 Rd3+ 48. Kh2 Ke5 49. Rxh6 Nf2 50. Kg2 Rh3 0-1

[Event "DRUGA LIGA SRBIJE-GRUPA VOJVODINA 2016"]
[Site "Kac"]
[Date "2016.11.17"]
[Round "3.3"]
[White "Milanovic, Stanko"]
[Black "Indjic, Dusan"]
[Result "0-1"]
[WhiteElo "2150"]
[BlackElo "2283"]
[PlyCount "159"]
[EventDate "2016.11.15"]

1. e4 e6 2. d4 d5 3. e5 c5 4. c3 Nc6 5. Nf3 Nge7 6. Bd3 cxd4 7. cxd4 Nf5 8.
Bxf5 exf5 9. Nc3 Be6 10. Qb3 Qd7 11. O-O Be7 12. Ne2 h6 13. Bd2 g5 14. Rfc1 f4
15. Ne1 f6 16. Nd3 fxe5 17. Nxe5 Nxe5 18. dxe5 d4 19. Qd3 Rd8 20. Qg6+ Bf7 21.
Qg7 Rg8 22. Qxh6 Qb5 23. Rc7 Qxe5 24. Rxb7 Rh8 25. Qc6+ Kf8 26. Qc7 Qf6 27. Ba5
Rd5 28. Qxe7+ Qxe7 29. Bb4 Qxb4 30. Rxb4 d3 31. Nc3 Rd7 32. Rb8+ Kg7 33. Rxh8
Kxh8 34. Rd1 Bg6 35. Kf1 Rb7 36. Rd2 Kg7 37. f3 Kf6 38. g3 Ke5 39. Kf2 Rh7 40.
Kg2 Kd4 41. Nd1 Rc7 42. Kf2 Rc2 43. Ke1 Bf7 44. b3 Bh5 45. Nb2 Rc1+ 46. Kf2 Rc2
47. Ke1 Rc1+ 48. Kf2 Kc3 49. Rxd3+ Kxb2 50. g4 Rc2+ 51. Kg1 Be8 52. Rd5 Bc6 53.
Rxg5 Bxf3 54. Rf5 Rg2+ 55. Kf1 Rxg4 56. Ra5 Rg7 57. Rf5 Bg2+ 58. Kf2 f3 59. Ra5
Rc7 60. h4 Rc2+ 61. Kg3 Bh1 62. h5 Rg2+ 63. Kh3 Rg7 64. Rf5 Kxa2 65. b4 Kb3 66.
b5 Kc4 67. Kh2 Bg2 68. h6 Rh7 69. Rh5 Bf1 70. Kg3 Be2 71. Kf2 Kb4 72. Ke3 Ka5
73. Kf2 Kb6 74. Ke3 Ka5 75. Kf2 Kb4 76. Ke3 Bxb5 77. Kxf3 a5 78. Ke3 a4 79. Kd2
a3 80. Kc2 0-1

[Event "DRUGA LIGA SRBIJE-GRUPA VOJVODINA 2016"]
[Site "Kac"]
[Date "2016.11.17"]
[Round "3.3"]
[White "Vujadinovic, Goran"]
[Black "Dimitrijevic, Nenad"]
[Result "1/2-1/2"]
[WhiteElo "2338"]
[BlackElo "2165"]
[PlyCount "81"]
[EventDate "2016.11.15"]

1. Nf3 Nf6 2. g3 d5 3. Bg2 c6 4. O-O Bf5 5. b3 e6 6. Bb2 h6 7. d3 Be7 8. Nbd2
O-O 9. Qe1 Nbd7 10. e4 dxe4 11. dxe4 Bh7 12. Qe2 Qc7 13. e5 Nd5 14. Ne4 Nc5 15.
Nfd2 Rfd8 16. a3 Nxe4 17. Nxe4 Bf8 18. Rad1 Bxe4 19. Bxe4 Ne7 20. h4 Rxd1 21.
Rxd1 Rd8 22. Bd3 g6 23. h5 Bg7 24. hxg6 fxg6 25. Qg4 Kf7 26. Re1 Nf5 27. Qe4
Qa5 28. b4 Qd5 29. Qf4 Ke7 30. Qg4 Kf7 31. Bc3 b5 32. Be4 Qc4 33. Bxf5 gxf5 34.
Qxc4 bxc4 35. f4 Bf8 36. Kf2 a6 37. Rb1 Rd5 38. Ke3 Be7 39. Bd4 Kg6 40. Rh1 h5
41. c3 1/2-1/2

[Event "DRUGA LIGA SRBIJE-GRUPA VOJVODINA 2016"]
[Site "Kac"]
[Date "2016.11.17"]
[Round "3.3"]
[White "Mik, Aurel"]
[Black "Mijatovic, Dejan"]
[Result "0-1"]
[WhiteElo "2059"]
[BlackElo "2248"]
[PlyCount "102"]
[EventDate "2016.11.15"]

1. e4 c5 2. Nc3 Nc6 3. g3 g6 4. Bg2 Bg7 5. Nge2 d6 6. d3 Nd4 7. O-O e5 8. Nd5
Bg4 9. f3 Be6 10. c3 Nxe2+ 11. Qxe2 Bxd5 12. exd5 Ne7 13. f4 O-O 14. Be4 f5 15.
Bg2 Rc8 16. Be3 b6 17. Rae1 Qd7 18. fxe5 dxe5 19. c4 Rce8 20. Qd2 Nc8 21. Re2
Nd6 22. b3 h5 23. Bh6 Kh7 24. Bxg7 Qxg7 25. h4 Re7 26. Qg5 Rfe8 27. Rfe1 Nf7
28. Qd2 Qf6 29. Rf2 Qd6 30. Qe3 Nh6 31. Bf3 e4 32. dxe4 Qxg3+ 33. Rg2 Qd6 34.
Kh1 fxe4 35. Bd1 Rf8 36. Rf2 Nf5 37. Qh3 e3 38. Rg2 Re4 39. Kg1 Rxh4 40. Qf3
Rf4 41. Qh3 Qf6 42. Bc2 Nh4 43. Bxg6+ Nxg6 44. Qxh5+ Kg7 45. Rxe3 Rf1+ 46. Kh2
Rh8 47. Qxh8+ Kxh8 48. Rh3+ Kg7 49. Rhg3 Qh4+ 50. Rh3 Qf4+ 51. Rhg3 Rf3 0-1

[Event "DRUGA LIGA SRBIJE-GRUPA VOJVODINA 2016"]
[Site "Kac"]
[Date "2016.11.17"]
[Round "3.3"]
[White "Kovacevic, Dragan"]
[Black "Rajin, Milan"]
[Result "1-0"]
[WhiteElo "2235"]
[BlackElo "1995"]
[PlyCount "63"]
[EventDate "2016.11.15"]

1. e4 e6 2. d4 d6 3. c4 g6 4. Nc3 Bg7 5. Nf3 Ne7 6. h4 h5 7. Bg5 b6 8. Qd2 Bb7
9. O-O-O Nd7 10. Kb1 a6 11. Be2 Nf6 12. Qc2 Ng4 13. Rhf1 Qd7 14. d5 e5 15. Ne1
f6 16. Bd2 Bh6 17. a4 f5 18. Bxh6 Nxh6 19. a5 f4 20. Nf3 Ng4 21. Ng5 bxa5 22.
c5 dxc5 23. Na4 Qd6 24. Nxc5 Bc8 25. Nce6 Ra7 26. Bxg4 hxg4 27. g3 Bd7 28. gxf4
Bb5 29. fxe5 Qb4 30. Nxc7+ Kd7 31. e6+ Kd6 32. Nf7# 1-0

[Event "DRUGA LIGA SRBIJE-GRUPA VOJVODINA 2016"]
[Site "Kac"]
[Date "2016.11.17"]
[Round "3.3"]
[White "Skoko, Milan"]
[Black "Trivunovic, Zdravko"]
[Result "1/2-1/2"]
[WhiteElo "2128"]
[BlackElo "2082"]
[PlyCount "121"]
[EventDate "2016.11.15"]

1. e4 d5 2. exd5 Nf6 3. d4 Nxd5 4. Nf3 Bg4 5. Be2 e6 6. O-O Be7 7. c3 O-O 8. a4
a5 9. Na3 Nd7 10. Nc4 c6 11. Re1 Re8 12. Ne3 Bh5 13. Nc4 Qc7 14. Nfe5 Nxe5 15.
Nxe5 Bxe2 16. Qxe2 Bd6 17. h4 f6 18. Nc4 Bh2+ 19. Kf1 Bf4 20. Bxf4 Nxf4 21. Qf3
b5 22. Nd2 Rac8 23. g3 Nd5 24. Ne4 e5 25. Nc5 b4 26. c4 Nb6 27. dxe5 Rxe5 28.
Rxe5 Qxe5 29. Nd3 Qd4 30. c5 Nc4 31. Qf5 Re8 32. Re1 Rxe1+ 33. Kxe1 g6 34. Qe6+
Kg7 35. Qe7+ Kg8 36. Qe8+ Kg7 37. Nf4 Qe5+ 38. Qxe5 fxe5 39. Ne6+ Kf6 40. Nd8
Nxb2 41. Nxc6 Nxa4 42. Nxa5 Nxc5 43. Kd2 b3 44. Nc4 Kf5 45. f3 e4 46. Ne3+ Ke6
47. f4 h5 48. Kc3 Kf7 49. Nd1 Ke6 50. Ne3 Kf6 51. Nd1 Nd3 52. Kxb3 Nxf4 53.
gxf4 Kf5 54. Kc3 Kxf4 55. Kd2 Kg3 56. Ke3 Kxh4 57. Nf2 g5 58. Nxe4 g4 59. Kf4
Kh3 60. Nf2+ Kh4 61. Ne4 1/2-1/2

[Event "DRUGA LIGA SRBIJE-GRUPA VOJVODINA 2016"]
[Site "Kac"]
[Date "2016.11.17"]
[Round "3.4"]
[White "Drazic, Sinisa"]
[Black "Veljkovic, Vojislav"]
[Result "1-0"]
[WhiteElo "2415"]
[BlackElo "2180"]
[PlyCount "81"]
[EventDate "2016.11.15"]

1. d4 e6 2. e4 d5 3. Nc3 dxe4 4. Nxe4 Be7 5. Nf3 Nf6 6. Nxf6+ Bxf6 7. c3 Nd7 8.
Be3 O-O 9. Be2 b6 10. d5 Re8 11. dxe6 Rxe6 12. Nd4 Rd6 13. Qc2 Bb7 14. O-O Be5
15. Nf5 Rg6 16. Ng3 Qh4 17. Qf5 Qe7 18. Rad1 Nf6 19. Rfe1 Re8 20. Bf4 Bxf4 21.
Qxf4 Qc5 22. Bd3 Rxe1+ 23. Rxe1 Qd5 24. Bf1 h5 25. Qxc7 h4 26. Re5 Qxa2 27.
Qxb7 hxg3 28. hxg3 Qxb2 29. Qb8+ Kh7 30. Qxa7 Qxc3 31. Re3 Qb2 32. Qxf7 Ng4 33.
Re8 Qd4 34. Qg8+ Kh6 35. Qh8+ Kg5 36. Qh4+ Kf5 37. Rf8+ Rf6 38. Qh5+ g5 39.
Bd3+ Ke6 40. Re8+ Kd5 41. Qxg5+ 1-0

[Event "DRUGA LIGA SRBIJE-GRUPA VOJVODINA 2016"]
[Site "Kac"]
[Date "2016.11.17"]
[Round "3.4"]
[White "Grujic, Zoran"]
[Black "Stojanovic, Mihajlo"]
[Result "0-1"]
[WhiteElo "2333"]
[BlackElo "2503"]
[PlyCount "98"]
[EventDate "2016.11.15"]

1. Nf3 d5 2. d4 Nf6 3. c4 e6 4. Nc3 Nbd7 5. cxd5 exd5 6. Qc2 c6 7. Bf4 Nh5 8.
Bd2 Be7 9. e3 Nb6 10. Bd3 g6 11. h3 Ng7 12. Ne5 Bf5 13. O-O f6 14. Nf3 Nc4 15.
Bc1 Nd6 16. Na4 Bxd3 17. Qxd3 Ne6 18. b3 O-O 19. Ba3 Ne4 20. Bxe7 Qxe7 21. Nc3
N6g5 22. Nxg5 Nxg5 23. f4 Nf7 24. f5 gxf5 25. Rxf5 Rae8 26. Re1 Kh8 27. Rf4 Ng5
28. Re2 Qg7 29. Qf5 Qg6 30. Kf2 Ne6 31. Rf3 Ng7 32. Qc2 f5 33. Kf1 Rf7 34. Ref2
Rfe7 35. Qd3 Qg5 36. Nd1 Nh5 37. Kg1 Ng3 38. Rf4 Rg8 39. Nc3 Reg7 40. Qd2 Qe7
41. Qd3 Rg6 42. Qd2 h5 43. Qd3 h4 44. Nd1 a5 45. Rc2 Qg7 46. Kh2 Nh5 47. Rff2
f4 48. exf4 Nxf4 49. g4 Nxd3 0-1

[Event "DRUGA LIGA SRBIJE-GRUPA VOJVODINA 2016"]
[Site "Kac"]
[Date "2016.11.17"]
[Round "3.4"]
[White "Rogac, Srdjan"]
[Black "Savanovic, Vuk"]
[Result "1-0"]
[WhiteElo "2387"]
[BlackElo "2284"]
[PlyCount "72"]
[EventDate "2016.11.15"]

1. Nf3 c5 2. c4 g6 3. g3 Bg7 4. Bg2 Nf6 5. O-O O-O 6. Nc3 Nc6 7. d3 d6 8. Rb1
Bd7 9. a3 Qc8 10. b4 cxb4 11. axb4 Bh3 12. Bg5 Bxg2 13. Kxg2 Ng4 14. Nd5 f6 15.
b5 Qd7 16. bxc6 bxc6 17. Qa4 fxg5 18. Qxc6 Qxc6 19. Nxe7+ Kh8 20. Nxc6 a5 21.
Nxg5 Rfe8 22. h3 Nh6 23. e3 a4 24. d4 Rec8 25. Rb6 a3 26. Ne4 Bf8 27. Ra1 Ra4
28. Nd2 Nf5 29. g4 Ne7 30. Nxe7 Bxe7 31. Ra2 Bd8 32. Rb3 Ba5 33. Ne4 Bb4 34. c5
dxc5 35. Nxc5 Bxc5 36. dxc5 Rca8 1-0

[Event "DRUGA LIGA SRBIJE-GRUPA VOJVODINA 2016"]
[Site "Kac"]
[Date "2016.11.17"]
[Round "3.4"]
[White "Omorjan, Dejan"]
[Black "Radlovacki, Jovan"]
[Result "0-1"]
[WhiteElo "2235"]
[BlackElo "2328"]
[PlyCount "120"]
[EventDate "2016.11.15"]

1. d4 Nf6 2. Nf3 e6 3. c4 Bb4+ 4. Bd2 a5 5. g3 O-O 6. Bg2 Nc6 7. O-O Bxd2 8.
Qxd2 Qe7 9. Nc3 d6 10. e4 e5 11. h3 exd4 12. Nxd4 Nxd4 13. Qxd4 Qe5 14. Qxe5
dxe5 15. Nd5 Ne8 16. Rfd1 Be6 17. Rac1 g6 18. f4 Kg7 19. fxe5 c6 20. Nb6 Rb8
21. Rc3 Nc7 22. Ra3 Rfd8 23. Rd6 Ne8 24. Rxd8 Rxd8 25. Rxa5 Rd1+ 26. Kh2 Rd2
27. b3 Nc7 28. Ra7 Na6 29. Rxb7 Nc5 30. Rc7 Nd3 31. Na4 Ne1 32. Kg1 Nxg2 33.
Nc5 Kh6 34. Nxe6 fxe6 35. Rf7 Ne3 36. Rf3 Nc2 37. Rf2 Rd1+ 38. Kg2 Nb4 39. a3
Nd3 40. Ra2 Nc1 41. Rb2 Rd3 42. b4 Rxa3 43. b5 Nd3 44. Rb1 Nxe5 45. b6 Ra8 46.
Rc1 c5 47. Rd1 Nxc4 48. Rc1 Nxb6 49. Rxc5 Ra2+ 50. Kf3 Nd7 51. Rb5 Rd2 52. h4
Kg7 53. Ke3 Rd6 54. Kf4 e5+ 55. Ke3 h5 56. Ra5 Nf6 57. Rb5 Ng4+ 58. Ke2 Rd4 59.
Kf3 Rd3+ 60. Kg2 Rd2+ 0-1

[Event "DRUGA LIGA SRBIJE-GRUPA VOJVODINA 2016"]
[Site "Kac"]
[Date "2016.11.17"]
[Round "3.4"]
[White "Klasan, Vladimir"]
[Black "Krejic, Igor"]
[Result "0-1"]
[WhiteElo "2387"]
[BlackElo "2235"]
[PlyCount "82"]
[EventDate "2016.11.15"]

1. e4 e5 2. Nf3 Nf6 3. Nxe5 d6 4. Nf3 Nxe4 5. c4 Be7 6. d4 O-O 7. Bd3 Nf6 8. h3
d5 9. O-O dxc4 10. Bxc4 Nbd7 11. Nc3 Nb6 12. Bb3 c6 13. Re1 Nbd5 14. Bg5 Be6
15. Rc1 Re8 16. Bxf6 Bxf6 17. Bxd5 cxd5 18. Qb3 Re7 19. Na4 b6 20. Ne5 Rc7 21.
Rxc7 Qxc7 22. Nc3 Rd8 23. Qa4 Qb7 24. Qb3 Rc8 25. Nb5 Be7 26. Nc3 Bd6 27. Ne2
Bxe5 28. dxe5 Rc4 29. Ng3 Qc7 30. Re2 g6 31. Qe3 Qd8 32. b3 d4 33. Qd2 Rc5 34.
f4 d3 35. Re3 Rc2 36. Qxd3 Qc8 37. Re2 Rc3 38. Qe4 Rxg3 39. Rc2 Qd8 40. Kh2 Qh4
41. Rd2 Bxh3 0-1

[Event "DRUGA LIGA SRBIJE-GRUPA VOJVODINA 2016"]
[Site "Kac"]
[Date "2016.11.17"]
[Round "3.4"]
[White "Cvetanovic, Damjan"]
[Black "Marinovic, Bozidar"]
[Result "1/2-1/2"]
[WhiteElo "2050"]
[BlackElo "2375"]
[PlyCount "42"]
[EventDate "2016.11.15"]

1. d4 d6 2. Nf3 Bg4 3. e4 Nf6 4. Nc3 e6 5. Be2 Be7 6. O-O O-O 7. Be3 d5 8. exd5
exd5 9. h3 Bxf3 10. Bxf3 c6 11. Ne2 Nbd7 12. b3 Re8 13. c4 Ne4 14. Bxe4 dxe4
15. d5 cxd5 16. Qxd5 Qc8 17. Bd4 Bf6 18. Rad1 Bxd4 19. Rxd4 Nf6 20. Qg5 h6 21.
Qe3 Qc6 1/2-1/2

[Event "DRUGA LIGA SRBIJE-GRUPA VOJVODINA 2016"]
[Site "Kac"]
[Date "2016.11.17"]
[Round "3.5"]
[White "Pezelj, Novak"]
[Black "Petrusic, Velimir"]
[Result "1-0"]
[WhiteElo "2447"]
[BlackElo "2176"]
[PlyCount "53"]
[EventDate "2016.11.15"]

1. d4 d5 2. Nf3 e6 3. c4 c6 4. Nc3 f5 5. Bf4 Nf6 6. e3 Bd6 7. Bxd6 Qxd6 8. Bd3
O-O 9. O-O Ne4 10. Qc2 Nd7 11. Rab1 Rf6 12. b4 Rh6 13. g3 a6 14. a4 g5 15. Bxe4
fxe4 16. Nxg5 Rh5 17. f4 h6 18. Qe2 Nf6 19. Ncxe4 dxe4 20. Nxe4 Nxe4 21. Qxh5
Nd2 22. Qg6+ Kh8 23. Qxh6+ Kg8 24. Qg6+ Kh8 25. f5 Nxf1 26. Rxf1 Bd7 27. f6 1-0

[Event "DRUGA LIGA SRBIJE-GRUPA VOJVODINA 2016"]
[Site "Kac"]
[Date "2016.11.17"]
[Round "3.5"]
[White "Labus, Vladislav"]
[Black "Varga, Zoltan"]
[Result "0-1"]
[WhiteElo "2061"]
[BlackElo "2418"]
[PlyCount "68"]
[EventDate "2016.11.15"]

1. e4 Nf6 2. e5 Nd5 3. d4 d6 4. Nf3 g6 5. Nc3 Nb6 6. Bg5 dxe5 7. dxe5 Qxd1+ 8.
Rxd1 c6 9. Nd4 Bg7 10. f4 Bg4 11. Be2 Bxe2 12. Kxe2 N8d7 13. e6 Nc5 14. exf7+
Kxf7 15. Nf3 Nc4 16. b4 Ne6 17. Rd7 Rhe8 18. Ne4 h6 19. Bh4 Nxf4+ 20. Kf2 b5
21. Re1 Nd5 22. Bg3 Kg8 23. Nc5 Bc3 24. Re6 Nf6 25. Rxc6 Bxb4 26. Rd4 Rac8 27.
Rxc8 Rxc8 28. Nd3 Ba5 29. Ke2 Bb6 30. Rh4 Ne3 31. Nfe5 Rxc2+ 32. Kf3 Nf5 33.
Nxg6 Nxh4+ 34. Bxh4 Kf7 0-1

[Event "DRUGA LIGA SRBIJE-GRUPA VOJVODINA 2016"]
[Site "Kac"]
[Date "2016.11.17"]
[Round "3.5"]
[White "Farkas, Tibor"]
[Black "Mandic, Milenko"]
[Result "1-0"]
[WhiteElo "2272"]
[BlackElo "1894"]
[PlyCount "69"]
[EventDate "2016.11.15"]

1. e4 d6 2. d4 Nf6 3. Nc3 g6 4. Bg5 Bg7 5. e5 Nfd7 6. Nd5 f6 7. exf6 Nxf6 8.
Nxf6+ exf6 9. Be3 Nc6 10. Qd2 Qe7 11. O-O-O Qf7 12. d5 Ne7 13. Bb5+ c6 14. dxc6
bxc6 15. Qxd6 O-O 16. Ba4 Be6 17. Ne2 Nf5 18. Qa3 Nxe3 19. fxe3 Rfd8 20. Bxc6
Bf8 21. Qa4 Rxd1+ 22. Rxd1 Rc8 23. Nd4 Bd5 24. Bxd5 Qxd5 25. Qb3 Qxb3 26. Nxb3
Bh6 27. Rd3 f5 28. g3 Kf7 29. Kd2 Kf6 30. Nd4 Ke5 31. c3 Ke4 32. Ke2 Rd8 33.
Ne6 Re8 34. Nd8 Bg5 35. Nf7 1-0

[Event "DRUGA LIGA SRBIJE-GRUPA VOJVODINA 2016"]
[Site "Kac"]
[Date "2016.11.17"]
[Round "3.5"]
[White "Stamenkovic, Aleksandar"]
[Black "Jesenski, Tibor"]
[Result "1/2-1/2"]
[WhiteElo "2203"]
[BlackElo "2345"]
[PlyCount "52"]
[EventDate "2016.11.15"]

1. Nf3 d5 2. d4 Nf6 3. c4 e6 4. g3 c6 5. Bg2 dxc4 6. Ne5 Be7 7. O-O O-O 8. Nxc4
Nbd7 9. Nc3 Nb6 10. Ne5 c5 11. dxc5 Bxc5 12. Qc2 Qe7 13. Bg5 h6 14. Ne4 hxg5
15. Qxc5 Qxc5 16. Nxc5 Nbd5 17. Ne4 Nxe4 18. Bxe4 f6 19. Bxd5 exd5 20. Nf3 Bh3
21. Rfd1 Rac8 22. Nd4 Rc4 23. b3 Rc5 24. f3 Bd7 25. Kf2 Rfc8 26. Ke3 a5 1/2-1/2

[Event "DRUGA LIGA SRBIJE-GRUPA VOJVODINA 2016"]
[Site "Kac"]
[Date "2016.11.17"]
[Round "3.5"]
[White "Kumic, Filip"]
[Black "Ljubisavljevic, Zivojin Z"]
[Result "1/2-1/2"]
[WhiteElo "2313"]
[BlackElo "2125"]
[PlyCount "52"]
[EventDate "2016.11.15"]

1. Nf3 d5 2. d4 c6 3. c4 Nf6 4. e3 g6 5. Nc3 Bg7 6. Bd3 Bg4 7. h3 Bxf3 8. Qxf3
O-O 9. Qd1 Nbd7 10. O-O e5 11. cxd5 cxd5 12. Qb3 exd4 13. exd4 Qb6 14. Be3 Qxb3
15. axb3 a6 16. g4 Nb6 17. g5 Ne8 18. Ra5 Nc7 19. Rc1 Ne6 20. Nxd5 Nxd5 21.
Rxd5 Rfd8 22. Rxd8+ Rxd8 23. d5 Rxd5 24. Rc8+ Rd8 25. Rxd8+ Nxd8 26. Bc1 Nc6
1/2-1/2